| 000 | 00507nam a2200181Ia 4500 | ||
|---|---|---|---|
| 003 | GCL | ||
| 008 | 140319s9999 xx 000 0 ara d | ||
| 040 |
_aGCL / _cGCL |
||
| 082 | 0 | 4 |
_a819.9 _bع ع |
| 100 | 1 | _aعباس محمود العقاد | |
| 245 | 1 | 0 |
_aعمرو بن العاص / _cعباس محمود العقاد |
| 300 | _a190 | ||
| 490 |
_aكتاب _v0 |
||
| 650 | 0 | 4 | _aالفتوحات الاسلامية |
| 650 | 0 | 4 | _aفتح مصر |
| 650 | 0 | 4 | _aعمروبن العاص (ل) |
| 942 |
_2ddc _cBK |
||
| 999 |
_c43183 _d43183 |
||